| 000 | 00920nam a22001937a 4500 | ||
|---|---|---|---|
| 005 | 20250828141132.0 | ||
| 008 | 240828b ||||| |||| 00| 0 eng d | ||
| 082 | _aDPer 647.95 J826 January-December 2019 v. 22 n.1-6 | ||
| 100 |
_aSowers, Morgan F. _eauthor. _959224 |
||
| 245 |
_aTesting product, pricing, and promotional strategies for vending machine interventions with a college population / _cMorgan F. Sowers, Sarah Colby, Katie Kavanagh, and Wenjun Zhou. |
||
| 260 |
_aPhiladelphia ; _bTaylor & Francis Group , _cJuly-August 2019. |
||
| 300 |
_aVolume 22, pages 303-325 : _billustration ; _c26 cm. |
||
| 500 | _aJournal of Foodservice Business Research, vol. 22, no. 4, pages 303-325, July-August 2019. | ||
| 700 |
_aSowers, Morgan F. _eauthor. _959224 |
||
| 700 |
_aColby, Sarah. _eauthor. _959225 |
||
| 700 |
_aKavanagh, Katie. _eauthor. _959226 |
||
| 700 |
_aZhou, Wenjun. _eauthor. _959227 |
||
| 942 |
_2ddc _cPER |
||
| 999 |
_c20977 _d20977 |
||